| 000 | 003030000a22001090004500 | ||
|---|---|---|---|
| 090 |
_aAS _bSeriadas |
||
| 245 | 1 | 0 | _aNueva especie de Pera (<Euphorbiaceae>) de Colombia |
| 041 | 0 | _aEspañol | |
| 100 | 1 |
_aCardiel Sanz, José María _99335 |
|
| 942 | _cARTICULO | ||
| 773 | 1 |
_tCaldasia _345 _h78 _q311-316 _d1991 _g16 |
|
| 999 |
_c14416 _d14416 |
||